000 00473nam a2200145Ia 4500
008 220216s9999 xx 000 0 und d
100 _aMarattukalam J.G.
245 0 _aEarly performance of a few Hevea clones in large scale trial
260 _bPlacrosym VII, 1986, Coonoor, India. Journal of Plantation Crops, 16(Supplement):377-381
_c1989
650 _aClone
650 _aEarly performance
700 _aPanikkar A.O.N.
700 _aSaraswathyamma C.K.
942 _cBS
999 _c49351
_d49351